| 000 | 01119cab a2200421 4500 | ||
|---|---|---|---|
| 001 | ABS49937 | ||
| 008 | 090401t1994 xxu||||| |||| 00| 0 eng d | ||
| 035 | _a(Sirsi) u73393 | ||
| 041 | _aeng | ||
| 245 | _aCentrefolio : M8/M9 | ||
| 260 | _c1994 | ||
| 350 | _a0 | ||
| 490 |
_aCSW - The Property Week _v46(3) 20 January 1994, 25-46(13) |
||
| 650 | _aCENTRAL PARK | ||
| 650 | _aCOATBRIDGE | ||
| 650 | _aCUMBERNAULD | ||
| 650 | _aEAST KILBRIDE | ||
| 650 | _aEDINBURGH | ||
| 650 | _aFALKIRK | ||
| 650 | _aGLASGOW | ||
| 650 | _aGREENOCK | ||
| 650 | _aINDUSTRIAL MARKET | ||
| 650 | _aLARBERT | ||
| 650 | _aLIVINGSTON | ||
| 650 | _aM8 CORRIDOR | ||
| 650 | _aM9 CORRIDOR | ||
| 650 | _aMENTOR | ||
| 650 | _aMOTHERWELL | ||
| 650 | _aPROPERTY-COMMERCIAL PROPERTY-OFFICE PROPERTY-OFFICE PROPERTY MARKET | ||
| 650 | _aPAISLEY | ||
| 650 | _aRELOCATION | ||
| 650 | _aPROPERTY-COMMERCIAL PROPERTY-RETAIL PROPERTY-RETAIL PROPERTY MARKET | ||
| 650 | _aSCOTLAND | ||
| 650 | _aSTIRLING | ||
| 690 | _aPROPERTY-COMMERCIAL PROPERTY-COMMERCIAL PROPERTY MARKET | ||
| 942 | _n0 | ||
| 948 | _c04/03/1997 | ||
| 999 |
_c46407 _d46407 |
||